| Tag |
First Indicator |
Second Indicator |
Subfields |
| LEADER |
00000cam a22000004a 4500 |
| 001 |
in00003402693 |
| 005 |
20190405202638.0 |
| 006 |
m d |
| 007 |
cr |||||||nn|n |
| 008 |
120612s2012 nyu o d eng d |
| 010 |
|
|
|z 2012019746
|
| 020 |
|
|
|a 9781438445052
|
| 020 |
|
|
|z 9781438445038 (hardcover : alk. paper)
|
| 035 |
|
|
|a (MdBmJHUP)muse9781438445052
|
| 040 |
|
|
|a MdBmJHUP
|c MdBmJHUP
|d UtOrBLW
|
| 043 |
|
|
|a a-cc-hu
|
| 050 |
0 |
0 |
|a LB2127.C4854
|b L58 2012
|
| 082 |
0 |
0 |
|a 378.51/215
|2 23
|
| 100 |
1 |
|
|a Liu, Liyan,
|d 1958 April 17-
|
| 245 |
1 |
0 |
|a Red genesis :
|b the Hunan Normal School and the creation of Chinese communism, 1903-1921 /
|c Liyan Liu.
|
| 264 |
|
1 |
|a Albany :
|b State University of New York Press,
|c [2012]
|
| 264 |
|
4 |
|c ©2012
|
| 300 |
|
|
|a 1 online resource (256 pages)
|
| 336 |
|
|
|a text
|b txt
|2 rdacontent
|
| 337 |
|
|
|a computer
|b c
|2 rdamedia
|
| 338 |
|
|
|a online resource
|b cr
|2 rdacarrier
|
| 504 |
|
|
|a Includes bibliographical references and index.
|
| 505 |
0 |
|
|a Introduction: the exceptional normal and the paradox of hunan -- Reform in Hunan, 1895-1900 -- From Confucian academy to modern school -- The milieu of first Normal, 1912-1919 -- Teaching the new culture: first Normal's faculty -- Sage in residence: Yang Changji -- Provincial scholars and young radicals -- Education of a provincial radical: Cai Hesen.
|
| 588 |
|
|
|a Description based on print version record.
|
| 500 |
|
|
|a Electronic resource.
|
| 610 |
2 |
0 |
|a Hunan Sheng di yi shi fan xue xiao
|x History.
|
| 650 |
|
0 |
|a Educational change
|z China
|x History
|y 20th century.
|
| 650 |
|
0 |
|a Communism
|z China
|x History.
|
| 655 |
|
7 |
|a Electronic books.
|2 local
|
| 856 |
4 |
0 |
|u http://proxy.library.tamu.edu/login?url=http://muse.jhu.edu/books/9781438445052/
|z Connect to the full text of this electronic book
|t 0
|
| 999 |
|
|
|a MARS
|
| 999 |
f |
f |
|s 215c85e9-f695-33ac-ac59-ba1a559e0e85
|i fe74553d-62b5-386d-965f-491e9cc0f612
|t 0
|
| 952 |
f |
f |
|a Texas A&M University
|b College Station
|c Electronic Resources
|d Available Online
|t 0
|e LB2127.C4854 L58 2012
|h Library of Congress classification
|
| 998 |
f |
f |
|a LB2127.C4854 L58 2012
|t 0
|l Available Online
|